Statistiques concernant Classement perpétuel du Tournoi des Six Nations.

Cliquez ici pour prendre le quiz!

Statistiques générales

  • Ce quiz a été pris 222 fois
  • Le résultat moyen est 6 sur 6

Statistiques - réponses

PointsVNDbobdGCNation% Correct
4148533739203 Irlande
100%
4028224141232 Angleterre
99%
3878034229204 France
99%
2124138113290 Ecosse
98%
811521082150 Italie
98%
3206435721254 Pays de Galles
96%

Distribution des résultats

Percentile par nombre de réponses

% des personnes avec chaque résultat

Votre développement - résultats

Vous n’avez pas pris ce quiz